| 000 | 00442nam a2200169Ia 4500 | ||
|---|---|---|---|
| 008 | 240729s9999 xx 000 0 und d | ||
| 022 | _a2396-9776 | ||
| 245 | 0 | _aVeterinary Evidence | |
| 260 | _aUnited Kingdom | ||
| 260 | _bRCVS Knowledge | ||
| 650 | _a Animal culture | ||
| 650 | _a Veterinary medicine | ||
| 650 | _aAgriculture | ||
| 856 | _uhttps://doaj.org/toc/c28bb87fad6d4824833f00b0f5ee3398 | ||
| 942 | _2ddc | ||
| 942 | _cDOAJEJ | ||
| 999 |
_c66311 _d66311 |
||
| 945 |
_a1 _bMadushi Gamage _c1 _dMadushi Gamage |
||